Ultimate Fire Emblem Country Quiz - Statistics

General Stats
  • This quiz has been taken 79 times
  • The average score is 24 of 45
Answer Stats
Continent Nation % Correct
Archanea Gra
79%
Fates Hoshido
76%
Fates Nohr
76%
Fodlan Leicester Alliance
71%
Tellius Begnion
69%
Valentia Zofia
69%
Archanea Altea
68%
Fodlan Faerghus
68%
Elibe Bern
66%
Jugdral Thracia
66%
Tellius Crimea
65%
Elibe Sacae
65%
Ylisse Ylisse
65%
Fodlan Adrestian Empire
63%
Tellius Daein
63%
Valentia Rigel
63%
Magvel Grado
63%
Magvel Renais
62%
Elibe Lycia
60%
Elibe Ilia
59%
Tellius Gallia
57%
Jugdral Agustria
56%
Jugdral Grannvale
56%
Magvel Jehanna
56%
Ylisse Plegia
51%
Magvel Rausten
50%
Jugdral Silesse
50%
Jugdral Verdane
50%
Archanea Grust
47%
Elibe Etruria
46%
Tellius Goldoa
46%
Jugdral Isaach
46%
Archanea Macedon
46%
Magvel Frelia
44%
Tellius Phoenicis
44%
Ylisse Ferox
43%
Tellius Kilvas
43%
Archanea Talys
41%
Magvel Carcino
38%
Jugdral Miletos
37%
Jugdral Manster
35%
Archanea Dolhr
34%
Archanea Khadein
26%
Fodlan Church of Seiros
24%
Archanea Aurelis
22%
No matching quizzes found
Score Distribution
Percent of People with Each Score
Percentile by Number Answered
Your Score History
You have not taken this quiz